000 00713cam a22001931 4500
001 4540387
005 20250411165647.0
008 681212s1968 nyua b 001 0 eng
050 0 0 _aE77
_b.F36 FAR
082 0 0 _a970.1
100 1 _aFarb, Peter.
245 1 0 _aMan's rise to civilization as shown by the Indians of North America from primeval times to the coming of the industrial state.
_cPeter Farb
260 _aNew York,
_bE.P. Dutton and Co.,
_c1968.
300 _axx, 332 p.
_billus.
_c24 cm.
500 _aSecond ed. published in 1978 under title: Man's rise to civilization.
650 0 _aIndians of North America.
710 2 _aRalph Ellison Collection (Library of Congress)
_5DLC
942 _2lcc
_cBK
_n0
999 _c5429
_d5429